| 000 | 00725cam a22001932 4500 | ||
|---|---|---|---|
| 001 | 0000008984 | ||
| 005 | 20151217155837.0 | ||
| 008 | 080629s xx 000 0 eng d | ||
| 040 |
_aKABU _cKABU |
||
| 111 | 2 |
_aConference on the Future of Law in Africa _cLondon : _d(1959-60) _@0000159792 |
|
| 245 | 1 | 4 |
_aThe Future of law in Africa : _brecord of proceedings of the London Conference 28 December 1959-8 January 1960 / _cedited on behalf of the Conference by A. N. Allott. |
| 260 |
_aLondon : _bButterworth, _c1960. |
||
| 300 | _a58 p. | ||
| 650 | 0 |
_aLaw _xCongresses _zAfrica. _@0000159793 |
|
| 700 | 1 |
_aAllott, A. N. _@0000159794 |
|
| 908 | _a080629 | ||
| 950 | _@1 | ||
| 999 |
_c13148 _d13148 |
||